Nazwij pasujące państwo #1 - Statystyki

Ogólne statystyki
  • Ten quiz został rozwiązany 166 razy
  • Średni wynik to 12 z 15
Statystyki odpowiedzi
Nazwij pasujące państwo Państwo % Poprawnych
Które graniczy z Czechami Austria / Niemcy / Polska / Słowacja
100%
Które było częścią Rzeczpospolitej Obojga Narodów Białoruś / Estonia / Litwa / Łotwa / Mołdawia / Polska / Rosja / Ukraina
98%
Które leży w Afryce Północnej Algieria / Egipt / Libia / Maroko / Tunezja / Sudan
97%
Które leży w Ameryce Południowej i nie graniczy z Brazylią Chile / Ekwador
96%
Które zaatakowało Polskę Austria / Czechy / Litwa / Mongolia / Niemcy / Rosja / Słowacja / Szwecja / Ukraina / Węgry / Włochy
92%
Które ma Niemiecki jako język urzędowy (nie wliczając Niemiec) Austria / Belgia / Liechtenstein / Luksemburg / Szwajcaria
89%
Które graniczy z Azją Bułgaria / Egipt / Grecja / Papua-Nowa Gwinea / Rosja
89%
Które jest otoczone przez inne państwo Lesotho / San Marino / Watykan
87%
Które ma terytorium w Laponii Finlandia / Norwegia / Szwecja / Rosja
86%
Które graniczy z francuskimi terytoriami zależnymi Brazylia / Holandia / Surinam
70%
Które graniczy z Jeziorem Wiktorii Kenia / Tanzania / Uganda
69%
Które leży w Rogu Afryki Erytrea / Etiopia / Dżibuti / Somalia
68%
Które ma terytorium w regionie Kaszmir Chiny / Indie / Pakistan
64%
Które leży na Półwyspie Jukatan Belize / Gwatemala / Meksyk
55%
Które kończy się na literę na którą nie kończy się żadne inne państwo Bangladesz / Białoruś / Czad / Luksemburg
48%
Nie znaleziono quizów pasujących do podanych kryteriów
Rozkład punktacji
Procent ludzi z każdym wynikiem
Percentyl według liczby udzielonych odpowiedzi
Twoja historia wyników
Nie rozwiązałeś tego quizu